Quiz o Flandrii - Statystyki

Ogólne statystyki
  • Ten quiz został rozwiązany 3 razy
  • Średni wynik to 9 z 15
Statystyki odpowiedzi
Pytanie Odpowiedź % Poprawnych
Na ile prowincji podzielona jest Flandria? 5
100%
Populacja (w mln.) (dane z 01.01.2022) 6
100%
Największe miasto Antwerpia
100%
Państwo do którego należy Flandria Belgia
100%
Stolica Bruksela
100%
Państwo graniczące z Flandrią na zachodzie Francja
100%
Język urzędowy Holenderski
100%
Morze graniczące Północne
100%
Zwierzę znajdujące się na fladze i herbie Flandrii Lew
50%
Państwo którego Flandria została częścią w wyniku wojny o sukcesję hiszpańską w 1713 roku Austria
0%
Premier Matthias Diependaele
0%
Region Hiszpanii którego Flandria była częścią w latach 1556-1581 Niderlandy Hiszpańskie
0%
Wyścig kolarski rozgrywany corocznie w Flandrii Ronde van Vlaanderen
0%
Podaj jedną z dwóch organizacji międzynarodowych które mają siedzibę w stolicy Flandrii UE / NATO
0%
Gmina będąca eksklawą prowincji Limburgia. Leży na wschodzie prowincji Voeren
0%
Nie znaleziono quizów pasujących do podanych kryteriów
Rozkład punktacji
Procent ludzi z każdym wynikiem
Percentyl według liczby udzielonych odpowiedzi
Twoja historia wyników
Nie rozwiązałeś tego quizu